វគ្គីករសាស្ត្រ អេកូឡូស៊ី និងស្ថេរភាពនៃអនុផលព្រៃឈើ (Record no. 9271)

000 -LEADER
fixed length control field 00393nam a22001217a 4500
040 ## - CATALOGING SOURCE
Transcribing agency HS
082 ## - DEWEY DECIMAL CLASSIFICATION NUMBER
Classification number 577
100 ## - MAIN ENTRY--AUTHOR NAME
Personal name វន មុនិន្ទ
245 ## - TITLE STATEMENT
Title វគ្គីករសាស្ត្រ អេកូឡូស៊ី និងស្ថេរភាពនៃអនុផលព្រៃឈើ
260 ## - PUBLICATION, DISTRIBUTION, ETC. (IMPRINT)
Place of publication NA
Name of publisher វន មុនិន្ធ
Year of publication 2010
300 ## - PHYSICAL DESCRIPTION
Number of Pages 116p;
942 ## - ADDED ENTRY ELEMENTS (KOHA)
Koha item type សៀវភៅភាសាខ្មែរ
952 ## - LOCATION AND ITEM INFORMATION (KOHA)
Withdrawn status [LOCAL, KOHA] 0
Holdings
Permanent Location Date acquired Koha item type Lost status Shelving location Barcode Current Location Full call number
Library Block C2016-08-29សៀវភៅភាសាខ្មែរ C174RUA44468Library Block C577 វន 2010 C174
មជ្ឈមណ្ឌលឯការនៃសាកលវិទ្យាល័យភូមិន្ទកសិកម្មចំការដូង

Powered by Koha